L'area carsica delle vigne (Verzino - Crotone) : (Registro nro. 1432)
[ vista simple ]
| 000 -CABECERA | |
|---|---|
| Campo de control | 00777nam a2200205 a 4500 |
| 005 - FECHA Y HORA DE LA ULTIMA TRANSACCION | |
| Campo de control | 20171010140546.0 |
| 008 - ELEMENTOS DE LONGITUD FIJA—INFORMACION GENERAL | |
| Campo de control | 140227b1998 it a||||r|||| 00| 0 ita d |
| 040 ## - FUENTE DE CATALOGACIÓN | |
| Agencia catalogadora original | CO-BoIAVH |
| Agencia transcriptora | CO-BoIAVH |
| 041 0# - IDIOMA | |
| Código de idioma para texto/pista de sonido o título separado | Italiano |
| 044 ## - PAÍS DE PUBLICACIÓN | |
| País de publicación | Italia |
| 082 04 - NUMERO DE CLASIFICACION DECIMAL DEWEY | |
| Número de clasificación | 551.447 |
| Número del ítem | L32c |
| 245 00 - MENCION DE TITULO | |
| Título | L'area carsica delle vigne (Verzino - Crotone) : |
| Parte restante del título | studio multidisciplinare (a cura di Gianluca Ferrini) |
| 260 ## - PUBLICACION, DISTRIBUCION, ETC. (PIE DE IMPRENTA) | |
| Lugar de publicación, distribución, etc. | Genova (Italia) : |
| Nombre del editor, distribuidor, etc. | Istituto Italiano di Speleologia, |
| Fecha de publicación, distribución, etc. | 1998. |
| 300 ## - DESCRIPCION FISICA | |
| Extensión | 126 páginas : |
| Otros detalles físicos | ilustraciones ; |
| Dimensiones | 30 x 21 cm. |
| 650 24 - ASIENTO SECUNDARIO DE MATERIA - TERMINO TEMATICO | |
| Término temático o nombre geográfico como elemento de entrada | Ecosistemas kársticos |
| Subdivisión geográfica | Italia |
| 9 (RLIN) | 86079 |
| 650 24 - ASIENTO SECUNDARIO DE MATERIA - TERMINO TEMATICO | |
| Término temático o nombre geográfico como elemento de entrada | Ecosistemas subterráneos |
| Subdivisión geográfica | Italia |
| 9 (RLIN) | 86080 |
| 650 26 - ASIENTO SECUNDARIO DE MATERIA - TERMINO TEMATICO | |
| Término temático o nombre geográfico como elemento de entrada | Espeleología |
| Subdivisión geográfica | Italia |
| 9 (RLIN) | 86081 |
| 710 2# - ASIENTO SECUNDARIO - NOMBRE CORPORATIVO | |
| Nombre corporativo o de jurisdicción como elemento de entrada | Gruppo Nazionale Geografia fisica e Geomorfologia sezione carsologia |
| 9 (RLIN) | 12281 |
| 942 ## - ELEMENTOS ADICIONALES (KOHA) | |
| Tipo de ítem | Libro |
| Sistema de clasificación | Dewey Decimal Classification |
| Withdrawn status | Lost status | Sistema de Clasificación | Damaged status | No para préstamo | Colección | Inventariado | Ubicación Permanente | Ubicación actual | Fecha de adquisición | Fuente de Valor | Valor | Total Checkouts | Número topográfico | Inventario / Código de Barras | Date last seen | Ejemplar | Price effective from | Forma de adquisición | Tipo de material | Public note |
|---|---|---|---|---|---|---|---|---|---|---|---|---|---|---|---|---|---|---|---|---|
| Dewey Decimal Classification | General | Inventariado 2017 | Sala Fabio Quevedo | Sala Fabio Quevedo | 11/08/1999 | Muñoz Saba, Yaneth | 39000.00 | LB-551.447 L32c | 001981 | 04/12/2012 | Ej. 1 | 04/12/2012 | Donación | Libro | ||||||
| Local | General | Inventariado 2017 | Sala Fabio Quevedo | Sala Fabio Quevedo | 11/08/1999 | Muñoz Saba, Yaneth | 39000.00 | LB-01424 | 001982 | 04/12/2012 | Ej. 2 | 04/12/2012 | Libro | L'area carsica delle vigne (Verzino - Crotone): studio multidisciplinare (a cura di Gianluca Ferrini) |